| 000 | 01112nam a2200205 a 4500 | ||
|---|---|---|---|
| 001 | 000045242 | ||
| 005 | 20240412074304.0 | ||
| 008 | 150216s1975 dr 000 p spa d | ||
| 040 |
_aDO-SdBNP _bspa _cBNPHU |
||
| 082 |
_aRD861.44 _bA644r |
||
| 100 | 1 |
_aAponte Vicioso, Guillermo _973267 |
|
| 245 | 1 | 0 |
_aRelámpagos literarios / _cGuillermo Aponte Vicioso. |
| 260 |
_aSanto Domingo : _b[s. n.], _c1975. |
||
| 300 |
_a79 p. ; _c21 cm. |
||
| 505 | 0 |
_aVERSOS _tSueño de amor -- _tAmor y vejez -- _tRechazo -- _tFantasia de amor -- _tLa alegre moribunda -- _tOfrenda -- _tExtraño amor -- _tTortura -- _tEvocación -- _tDe ti y de mi -- _tCuento de amor -- _tOtro hijo tu y yo -- _tPregonando tu amor -- _tTu rosa y la mariposa -- _tJuego de palabras -- _tCUENTOS _tEl conejo de parís -- _tEl milagro divino -- _tLa loca -- _tRamona la billetera -- _tSally -- _tFabula de las flores -- _tEl gerente -- _tLuzman el mago -- _tLos sobrinos del cardenal -- _tEl cuento de Donato -- |
|
| 590 | _aInventariado, 2018/ VM | ||
| 650 | 0 |
_aPoesía dominicana _966 |
|
| 650 | 0 |
_aLiteratura dominicana. _967 |
|
| 910 | _aValidado. Control de caliad MFF | ||
| 999 |
_c44731 _d44731 |
||